Landen Indochina - Statistieken

Algemene statistieken
  • Deze quiz is 15 keer genomen
  • De gemiddelde score is 6 van 6
Antwoordstatistieken
Landen % Correct
Laos
100%
Myanmar
100%
Thailand
100%
Vietnam
100%
Cambodja
92%
Maleisië
75%
Geen overeenkomende quizzen gevonden
Scoreverdeling
Procent van Mensen met Elke Score
Percentiel versus Aantal Correcte Antwoorden
Uw Scoregeschiedenis
U heeft deze quiz nog niet genomen